Golden State Warriors Playoffs Starters - Statistics

General Stats
  • This quiz has been taken 583 times
    227 since last reset
  • The average score is 20 of 72
Answer Stats
Players % Correct
Stephen Curry
100%
Klay Thompson
99%
Draymond Green
98%
Kevin Durant
90%
Andrew Wiggins
84%
Jimmy Butler
82%
Andre Iguodala
80%
Andre Iguodala
80%
Kevon Looney
80%
Wilt Chamberlain
69%
Andrew Bogut
64%
Brandin Podziemski
64%
Rick Barry
64%
Zaza Pachulia
62%
Harrison Barnes
60%
Monta Ellis
60%
Chris Mullin
57%
Buddy Hield
53%
Baron Davis
49%
Clyde Lee
49%
David Lee
49%
Nate Thurmond
39%
Tim Hardaway
39%
Paul Arizin
36%
Jarrett Jack
35%
Jason Richardson
34%
Stephen Jackson
33%
Mitch Richmond
28%
Andy Johnson
25%
Charles Johnson
25%
Chris Webber
24%
Larry Smith
23%
Phil Smith
23%
Gus Williams
19%
Ron Williams
19%
Latrell Sprewell
15%
Joe Fulks
14%
Neil Johnston
13%
Cazzie Russell
12%
Sleepy Floyd
12%
Joe Barry Carroll
9%
Andris Biedriņš
8%
Jeff Mullins
8%
Jamaal Wilkes
7%
Robert Parish
6%
Tyrone Hill
5%
Al Attles
4%
Clifford Ray
3%
Ed Mikan
3%
Guy Rodgers
3%
Jerry Lucas
3%
Tom Gola
3%
Alton Lister
2%
Andy Phillip
2%
Billy Owens
2%
Butch Beard
2%
Rudy LaRusso
2%
Chris Gatling
1%
Gary Phillips
1%
George Senesky
1%
Jack George
1%
Jim Barnett
1%
Joe Graboski
1%
Larry Costello
1%
Paul Neumann
1%
Rod Higgins
1%
Tom Meschery
1%
Vern Gardner
1%
Winston Garland
1%
Woody Sauldsberry
1%
Chink Crossin
0%
Leo Mogus
0%
No matching quizzes found
Score Distribution
Percent of People with Each Score
Percentile by Number Answered
Your Score History
You have not taken this quiz since the last reset